00339nam a2200121Ia 4500008004100000020001800041041000800059082003200067100003300099245003900132260003700171300000900208230411s9999 xx 000 0 und d a81-8448-503-4 aeng aOG/610.73678/RAN/JOS/B06116 aRanade Sujata & Joshi Swapna aModel Answers in Obstetric Nursing bJaypee BrothersaNew Delhic2009 a136p